000 00644nmm a2200253 a 4500
003 AR-BaBNM
005 20251128211331.0
008 234020s2000 ||||||||||||||000 | spa||
020 _a950-04-2192-5
040 _cAR-BaBNM
100 1 _aPessoa, Fernando
_d1888-1935
245 1 0 _aLa hora del diablo
250 _a1ª ed.
260 _aBuenos Aires
_bEmecé
_c2000
300 _a69 p.
650 4 _aLITERATURA PORTUGUESA
650 4 _aLITERATURA CONTEMPORANEA
653 _aNARRATIVA
655 _aLITERATURA
700 1 _aCorgatelli, Rosa S.
_etraductor
700 1 _aLopes, Teresa Rita
_eeditor
942 _cBK
998 _cLaura
999 _c19210
_d19210